[Event "CRO-chT2"]
[Site "Opatija"]
[Date "1995.??.??"]
[Round "?"]
[White "Ruck, Robert"]
[Black "Mufic, Goran"]
[Result "1-0"]
[WhiteElo "2460"]
[BlackElo "2345"]

1.c4 c6 2.b3 d5 3.Bb2 Nf6 4.g3 Bf5 5.Bg2 e6 6.Nf3 h6 7.O-O Be7 8.d3 O-O 9.Nbd2 Nbd7
10.Ne5 Nxe5 11.Bxe5 Nd7 12.Bc3 Bf6 13.Qc2 a5 14.Bxf6 Qxf6 15.a3 Rfd8 16.Rab1 Bg4
17.Rfe1 Bh5 18.Qb2 Qxb2 19.Rxb2 f6 20.d4 Bf7 21.cxd5 exd5 22.Rc1 Ra6 23.Bh3 Nf8
24.Nb1 Be6 25.Bf1 Raa8 26.Nc3 Kf7 27.e3 Ke7 28.Bd3 Nd7 29.Ne2 Kd6 30.Rbc2 Rdc8
31.f3 Nf8 32.g4 Bf7 33.Ng3 Be6 34.Bf5 Rc7 35.h4 Bf7 36.h5 Ne6 37.Bd3 Rac8
38.Kf2 Be8 39.Nf5+ Kd7 40.Rc3 Bf7 41.e4 Bg8 42.Ke3 dxe4 43.fxe4 Bh7 44.b4 axb4
45.axb4 Ra8 46.b5 Ra5 47.d5 Bxf5 48.gxf5 Nd8 49.b6 Rc8 50.Rg1 Kd6 51.Rxg7 Raa8
52.dxc6 Rxc6 53.Rb3 Rc5 54.Bb5 Rc1 55.Rd7+ Kc5 56.Rc7+ Nc6 57.Bxc6 bxc6 58.b7  1-0

[Event "CRO-chT2"]
[Site "Opatija"]
[Date "1995.??.??"]
[Round "?"]
[White "Sudar, Boris"]
[Black "Petrov, Jole"]
[Result "0-1"]
[WhiteElo "2160"]
[BlackElo "2275"]

1.c4 c6 2.g3 d5 3.Bg2 Nf6 4.Nf3 Bf5 5.O-O e6 6.d3 Nbd7 7.Nc3 Bc5 8.d4 Bd6
9.cxd5 exd5 10.Bf4 Bxf4 11.gxf4 O-O 12.b4 Nb6 13.Ne5 Ne4 14.Bxe4 dxe4 15.f3 Bh3
16.fxe4 Bxf1 17.Kxf1 Qh4 18.Nf3 Qxf4 19.Qd3 Rad8 20.e3 Qh6 21.Kf2 Rd6 22.e5 Rg6
23.Ne4 Nd5 24.a3 Qh3 25.Ng3 h5 26.e6 Rxe6 27.Ng5 Qxh2+  0-1

[Event "CRO-chT2"]
[Site "Opatija"]
[Date "1995.??.??"]
[Round "?"]
[White "Badea, Bela"]
[Black "Mufic, Goran"]
[Result "1-0"]
[WhiteElo "2490"]
[BlackElo "2345"]

1.c4 c6 2.Nf3 d5 3.b3 Nf6 4.Bb2 Bf5 5.d3 e6 6.Nbd2 h6 7.Qc2 Nbd7 8.h3 Be7
9.g4 Bh7 10.Rg1 g5 11.Rc1 Bd6 12.Qb1 Qe7 13.e3 O-O-O 14.cxd5 exd5 15.Nd4 Rhe8
16.Be2 a6 17.Nf1 Kb8 18.Rxc6 Bc5 19.Rxc5 Qxc5 20.Ng3 Ng8 21.a3 Ne7 22.b4 Qb6
23.Qc2 Rc8 24.Qb3 Ne5 25.Kd2 N5c6 26.Rb1 Nxd4 27.Bxd4 Qd8 28.b5 Qa5+ 29.Bc3 Qxb5
30.Qxb5 axb5 31.Nh5 Bg6 32.Nf6 Red8 33.Rxb5 Rc6 34.Be5+ Ka7 35.f4 gxf4 36.exf4 Ra6
37.f5 Nxf5 38.gxf5 Bxf5 39.Bd4+ Kb8 40.Nxd5 Bxh3 41.Nb4 Rg6 42.Be5+ Ka7 43.Bc7 Rg5
44.Rxg5 Rxd3+ 45.Nxd3 hxg5 46.Nf2 Be6 47.Bd8 Bd5 48.Bxg5 Kb6 49.Ke3 Ka5 50.Kd4 Bc6
51.Be7 f5 52.Bd3 f4 53.Be4  1-0

[Event "Osterskars op"]
[Site "Osterskars"]
[Date "1995.??.??"]
[Round "1"]
[White "Chernin, Alexander"]
[Black "Ronneland, Daniel"]
[Result "1-0"]
[WhiteElo "2600"]
[BlackElo "2155"]

1.c4 c6 2.d4 d5 3.Nc3 Nf6 4.Nf3 dxc4 5.a4 Bf5 6.Ne5 e6 7.f3 Bb4 8.e4 Bxe4
9.fxe4 Nxe4 10.Bd2 Qxd4 11.Nxe4 Qxe4+ 12.Qe2 Bxd2+ 13.Kxd2 Qd5+ 14.Kc3 Na6
15.Nxc4 O-O-O 16.Qe3 Nc5 17.a5 Kb8 18.Be2 f6 19.g4 b5 20.axb6 axb6 21.Ra8+ Kb7
22.Rxd8 Qxd8 23.Rd1 Qc7 24.b4 Na4+ 25.Kb3 b5 26.Na5+ Ka6 27.Qxe6  1-0

[Event "HUN-ch U20"]
[Site "Paks"]
[Date "1995.??.??"]
[Round "?"]
[White "Bodo, Norbert"]
[Black "Csoke, Krisztian"]
[Result "1/2-1/2"]
[WhiteElo "2280"]
[BlackElo "2295"]

1.c4 c6 2.Nc3 d5 3.cxd5 cxd5 4.d4 Nf6 5.Nf3 e6 6.Bf4 a6 7.Bxb8 Rxb8 8.e3 Bd6
9.Bd3 O-O 10.O-O Bd7  1/2-1/2

[Event "Pardubice op"]
[Site "Pardubice"]
[Date "1995.??.??"]
[Round "?"]
[White "Vaulin, Alexander"]
[Black "Tolstikh, Nikolay"]
[Result "1/2-1/2"]
[WhiteElo "2490"]
[BlackElo "2405"]

1.c4 c6 2.Nf3 d5 3.d4 Nf6 4.e3 Bf5 5.cxd5 cxd5 6.Qb3 Qc7 7.Bd2 e6 8.Bb5+ Nc6
9.Bb4 Bxb4+ 10.Qxb4 Qe7 11.Bxc6+ bxc6 12.Qxe7+ Kxe7 13.Nc3 Nd7 14.Na4 Rhc8
15.Rc1 Kd6 16.Kd2 f6 17.Rc3 e5 18.Rhc1 Nb6 19.Nc5 Nc4+ 20.Ke2 Bg4 21.b3 Na3
22.h3 Bxf3+ 23.Kxf3 Nb5 24.R3c2 Na3 25.Rc3  1/2-1/2

[Event "Paris op"]
[Site "Paris"]
[Date "1995.??.??"]
[Round "?"]
[White "Horvath, Gyula"]
[Black "Payen, Arnaud"]
[Result "1/2-1/2"]
[WhiteElo "2455"]
[BlackElo "2380"]

1.c4 c6 2.d4 d5 3.Nf3 e6 4.Qc2 Nd7 5.g3 Ngf6 6.Bg2 b6 7.O-O c5 8.Bg5 Be7
9.Rd1 cxd4 10.Nxd4 Bb7 11.Nc3 O-O 12.cxd5 Nxd5 13.Bxe7 Qxe7 14.Nxd5 Bxd5
15.Bxd5 exd5 16.Nf5 Qe6 17.Rxd5 Rac8 18.Qd3 Ne5 19.Qe4 Nc6 20.Nd6 Qxe4 21.Nxe4 Rcd8
22.Rad1 Rxd5 23.Rxd5 Re8 24.Nc3 Kf8 25.f4 Ke7 26.Kf2 Rc8 27.Rd2 h5 28.e4 g6
29.Nd5+ Ke6 30.Rc2 f5 31.Nb4 Ne7 32.Rxc8 Nxc8 33.e5 a5 34.Nc2 Kd5 35.Ke3 Kc4
36.Na3+ Kc5 37.Kd3 b5 38.Nc2 Ne7 39.Nd4 a4 40.Ne6+ Kd5 41.Nf8 Kc5 42.a3 Kd5
43.h4 Kc5 44.Nd7+ Kc6 45.Nf6 Kc5 46.Kc3 Nc6 47.Nd7+ Kd5 48.Nf8 Ne7 49.Kb4 Kc6
50.Ka5 Kc5 51.Ne6+ Kd5 52.Ng5 Kc4 53.Nf7 Kc5 54.Ka6 Nc6 55.Kb7 Nd4 56.Nd8 Ne2
57.Kc7 Nxg3 58.Ne6+ Kc4 59.Kb6 Ne2 60.Ka5 Kd5 61.Nc7+ Kc6 62.Ne6 Kd5 63.Nc7+  1/2-1/2

[Event "Paris op"]
[Site "Paris"]
[Date "1995.??.??"]
[Round "?"]
[White "Prie, Eric"]
[Black "Horvath, Gyula"]
[Result "0-1"]
[WhiteElo "2480"]
[BlackElo "2455"]

1.c4 c6 2.d4 d5 3.Nf3 Nf6 4.Qc2 e6 5.g3 dxc4 6.Qxc4 b5 7.Qc2 Bb7 8.Bg2 Nbd7
9.O-O c5 10.dxc5 Bxc5 11.Nc3 a6 12.Bg5 O-O 13.Bxf6 Nxf6 14.Ng5 Bxg2 15.Kxg2 Rc8
16.Rad1 Qe7 17.Qd3 Rfd8 18.Qf3 Bd4 19.Rd3 h6 20.Nge4 Nxe4 21.Qxe4 Bxc3 22.Rxc3 Rxc3
23.bxc3 Qa3 24.Qc2 Rc8 25.Rd1 b4 26.c4 Qc3 27.Qxc3 bxc3 28.Rc1 Rxc4 29.Kf3 e5
30.e4 Kh7 31.Ke3 Kg6 32.Rc2 f5 33.f3 fxe4 34.fxe4 Kg5 35.h3 h5 36.a3 h4 37.g4 Rc6
38.Kf3 Rc5 39.Ke3 Rc8 40.Kf3 Rc6 41.Ke3 a5 42.Kf3 a4 43.Ke3 g6  0-1

[Event "Philidor mem"]
[Site "Paris"]
[Date "1995.??.??"]
[Round "3"]
[White "Murrey, Jacob"]
[Black "Rausis, Igors"]
[Result "1/2-1/2"]
[WhiteElo "2500"]
[BlackElo "2515"]

1.c4 c6 2.Nf3 d5 3.e3 Nf6 4.Nc3 a6 5.d4 b5 6.cxd5 cxd5 7.Ne5 e6 8.Bd3 Nbd7
9.f4 Bb7 10.O-O Be7 11.Bd2 O-O 12.Qf3 b4 13.Ne2 Ne4 14.Qh3 f5 15.Rfd1 Rc8
16.Be1 Nxe5 17.fxe5 Ng5 18.Qg3 Qb6 19.Nf4 a5 20.h4 Ne4 21.Bxe4 dxe4 22.Rd2 Bd5
23.Qh3 Qb5 24.g4 Bxa2 25.gxf5 Rxf5 26.d5 Bc4 27.Nxe6 Rf1+ 28.Kh2 Bxd5 29.Nd4 Qc4
30.b3 Qa6 31.Qd7 Qb7 32.Qxb7 Bxb7 33.Kg2 Rcf8 34.Ne6 R8f7 35.Rc1 h6 36.Rd7 Ba6
37.Nf4 Bxh4 38.Rxf7 Kxf7 39.Rc7+ Be7 40.Bg3 Rd1 41.e6+ Kf6 42.Nh5+ Kxe6 43.Rc6+ Kd7
44.Rxa6 Bc5 45.Rxa5 Kc6 46.Ra8 Rd3 47.Rc8+ Kb5 48.Rb8+ Kc6 49.Nxg7 Rxb3 50.Nf5 Rd3
51.Be5 Kd5 52.Bg7 h5 53.Kf2 b3 54.Ke2 h4 55.Re8 h3 56.Re5+ Kc6 57.Rxe4 Rd5
58.Rh4 Rxf5 59.Rxh3 Rg5 60.Bc3 Kb5 61.Kd3 Rd5+ 62.Ke2 Bb4 63.Bd4 Rg5 64.Kd3 Rg2
65.Rh1 Rd2+ 66.Ke4 Kc4 67.Rh8 b2 68.Rc8+ Kb3 69.Bxb2 Rxb2 70.Rc6 Ka4 71.Rc8 Kb5
72.Kd3 Bc5 73.Rb8+ Bb6 74.Re8 Rb3+ 75.Ke2 Kc6 76.Kf3 Kd5 77.Kf4 Rb1 78.Kf3 Rb2
79.Re7 Bc5 80.Re8 Rb1 81.Rd8+ Ke5 82.Re8+ Kf5 83.Rc8 Bb6 84.Rf8+ Ke5 85.Re8+ Kd5
86.Kf2 Rb2+ 87.Kf3 Bc5 88.Rd8+ Ke6 89.Rc8 Be7 90.Rc4 Rh2 91.Re4+ Kf6 92.Rf4+ Kg6
93.Re4 Bh4 94.Rg4+ Kh5 95.Rg8 Rf2+ 96.Ke4 Bg5 97.Kd3 Ra2 98.Re8 Kg4 99.Re5 Bf6
100.Re6 Kf5 101.Re8 Rb2 102.Rf8 Ke5 103.Re8+ Kd5 104.Rf8 Rb6 105.Re8 Ra6
106.Ke2 Be5 107.Kf3 Rf6+ 108.Ke2 Ke4 109.Ra8 Rh6 110.Ra4+ Kf5 111.Kf3 Rh3+
112.Ke2 Bc7 113.Rb4 Bd6 114.Rc4 Be7 115.Rf4+ Kg5 116.Kd3 Bd6 117.Re4 Kf5
118.Re8 Kg4 119.Ke2 Rh2+ 120.Kd3 Ra2 121.Re6 Bc7 122.Re8 Bb6 123.Re6 Ba7
124.Rc6 Kf3 125.Rf6+ Kg3 126.Rc6 Ra3+ 127.Rc3 Ra6 128.Rc7 Kf2 129.Rf7+ Ke1
130.Rc7 Rd6+ 131.Ke4 Bb6 132.Rc3 Kd2 133.Rb3 Bxe3 134.Ke5 Ra6 135.Ke4 Ra4+
136.Kd5 Ke2 137.Rb7 Kf3 138.Rf7+ Bf4 139.Rb7 Ra5+ 140.Kd4 Be5+ 141.Kd3 Ra3+
142.Kc4 Ke4 143.Rb3 Ra1 144.Rh3 Rc1+ 145.Kb4 Kd5 146.Rd3+ Bd4 147.Rb3 Ra1
148.Kb5 Ra8 149.Kb4 Ra7 150.Kb5 Rb7+ 151.Ka4 Rc7 152.Kb4 Bc5+ 153.Kc3 Rh7
154.Kd3 Rh2 155.Kc3 Rh3+ 156.Kc2 Be3 157.Kd3 Rg3 158.Kc2 Kc4 159.Rc3+ Kd4
160.Kb3 Rg1 161.Rc4+ Kd5 162.Ra4 Bd4 163.Kc2 Rg2+ 164.Kd3 Rg3+ 165.Kc2 Ke4
166.Rb4 Rc3+ 167.Kd2 Rc8 168.Ra4 Rb8 169.Rc4 Rh8 170.Rc2 Rh1 171.Ke2 Rh2+
172.Kd1 Bf2 173.Kd2 Kd4 174.Ke2 Ke4 175.Kd2 Rg2 176.Ke2 Be3+ 177.Kd1 Rg1+
178.Ke2 Rh1 179.Rc4+ Bd4 180.Rc2 Rb1 181.Kd2 Be3+ 182.Kc3 Rb8 183.Kc4 Ke5
184.Kd3 Bd4 185.Kc4 Ke4 186.Re2+ Be3 187.Rc2 Ra8 188.Kc3 Ra3+ 189.Kb4 Rd3
190.Kc4 Bd2  1/2-1/2

[Event "Philidor mem"]
[Site "Paris"]
[Date "1995.??.??"]
[Round "5"]
[White "Bricard, Emmanuel"]
[Black "Rausis, Igors"]
[Result "1-0"]
[WhiteElo "2485"]
[BlackElo "2515"]

1.c4 c6 2.e4 d5 3.exd5 cxd5 4.cxd5 Nf6 5.Nc3 Nxd5 6.Nf3 Nc6 7.Bc4 e6 8.O-O Be7
9.d4 O-O 10.Re1 Nxc3 11.bxc3 b6 12.Bd3 Bb7 13.h4 Qd5 14.Rb1 Rac8 15.Rb5 Qd6
16.Rh5 g6 17.Rh6 Bf6 18.Ng5 Bxg5 19.Bxg5 e5 20.h5 exd4 21.hxg6 fxg6 22.Rxh7 Qd5
23.Bxg6 Ne5 24.Be4 Nf3+ 25.Bxf3 Rxf3 26.Rxb7  1-0

[Event "PER-ch43"]
[Site "PER"]
[Date "1995.??.??"]
[Round "8"]
[White "Cruz, Filemon"]
[Black "Pacheco Asmat, Jorge"]
[Result "1-0"]
[WhiteElo "2405"]
[BlackElo "2205"]

1.c4 c6 2.g3 d5 3.Bg2 Nf6 4.Qc2 e5 5.d3 Be6 6.Nf3 Nbd7 7.O-O Bd6 8.e4 h6
9.b3 d4 10.Nh4 g5 11.Nf5 Bxf5 12.exf5 a5 13.Nd2 Nc5 14.Ba3 Qd7 15.Rae1 Kf8
16.Nf3 Re8 17.Nxe5 Qxf5 18.Nf3 Rxe1 19.Rxe1 Kg7 20.Rd1 Qd7 21.Bb2 Re8 22.Bxd4 Qf5
23.Bb2 Kg8 24.Qd2 a4 25.b4 Ncd7 26.a3 c5 27.bxc5 Nxc5 28.Nd4 Qg6 29.Nb5 Bf8
30.Nc7 Rc8 31.Nd5 Nxd5 32.Bxd5 b6 33.Qe3 Rc7 34.Qe5 Bg7  1-0

[Event "World op"]
[Site "Philadelphia"]
[Date "1995.??.??"]
[Round "3"]
[White "Gunnarsson, Arinbjorn"]
[Black "Trujillo, Omar"]
[Result "1-0"]
[WhiteElo "2135"]
[BlackElo "2270"]

1.c4 c6 2.Nf3 d5 3.b3 Nf6 4.Bb2 Nbd7 5.g3 g6 6.Nc3 Bg7 7.Bg2 O-O 8.O-O Ne4
9.Qc2 Nxc3 10.Bxc3 e5 11.cxd5 cxd5 12.Rac1 Re8 13.d3 Nb6 14.Ba5 Be6 15.Qc7 Qxc7
16.Rxc7 e4 17.dxe4 dxe4 18.Ng5 Bd5 19.f3 Be5 20.Rc2 exf3 21.Bxf3 h6 22.Bxb6 Bxf3
23.Nxf3 axb6 24.Rd1 Bf6 25.Rd7 Re7 26.Rd6 Re6 27.Rxe6 fxe6 28.Kf2 Be7 29.Ke3 Bd6
30.Ke4 Ra5 31.Rd2 Bc5 32.Ne5 g5 33.Rd8+ Kg7 34.a4 b5 35.Rd7+ Kg8 36.Rd8+ Kg7
37.Rd7+ Kg8 38.Rxb7 bxa4 39.bxa4 Rxa4+ 40.Kf3 h5 41.Nd3 g4+ 42.Kg2 Be3 43.Rb5 Ra1
44.h3 Rg1+ 45.Kh2 h4 46.hxg4 hxg3+ 47.Kh3 Bf2 48.g5 Bd4 49.Nf4 Re1 50.Nxe6 g2
51.g6 g1=N+ 52.Kg4  1-0

[Event "Rubinstein mem"]
[Site "Polanica Zdroj"]
[Date "1995.??.??"]
[Round "4"]
[White "Wojtkiewicz, Aleksander"]
[Black "Ehlvest, Jaan"]
[Result "1/2-1/2"]
[WhiteElo "2570"]
[BlackElo "2630"]

1.c4 c6 2.d4 Nf6 3.Nc3 d5 4.e3 g6 5.Nf3 Bg7 6.Bd3 O-O 7.O-O Bg4 8.h3 Bxf3
9.Qxf3 e6 10.Rd1 Nbd7 11.Bd2  1/2-1/2

[Event "Polanica Zdroj op"]
[Site "Polanica Zdroj"]
[Date "1995.??.??"]
[Round "5"]
[White "Gritsak, Orest"]
[Black "Sapis, Witalis"]
[Result "1/2-1/2"]
[WhiteElo "2365"]
[BlackElo "2450"]

1.c4 c6 2.Nf3 Nf6 3.Nc3 d5 4.e3 g6 5.Qb3 Bg7 6.d4 O-O 7.Bd2 Qb6 8.Na4 Qd8
9.cxd5 cxd5 10.Bb5 Ne4 11.Bb4 Nd6 12.Bxd6 Qxd6 13.Rc1 b6 14.Qc3 Bd7 15.Bxd7 Qxd7
16.Qc2 Na6 17.Qb3 Rac8 18.O-O e6 19.Nc3 Nb8 20.Rc2 Rc4 21.Rfc1 Rfc8 22.Nb1 Rxc2
23.Rxc2 Rxc2 24.Qxc2 Qc6 25.Nc3 Nd7 26.Qd3 a5 27.Kf1 Bf8 28.a3 Bd6 29.Nd2 Nf6
30.f4 Ne8 31.Qb5 Qxb5+ 32.Nxb5 Kf8 33.g4 h6 34.Nf3 Ke7 35.Ke2 Kd7 36.Kd3 Kc6
37.Na7+ Kb7 38.Nb5 Kc6 39.a4 Kd7 40.Ne5+ Bxe5 41.dxe5 f5 42.gxf5 gxf5 43.b3 Nc7
44.Nd4  1/2-1/2

[Event "Porto San Giorgio op"]
[Site "Porto San Giorgio"]
[Date "1995.??.??"]
[Round "?"]
[White "Drazic, Sinisa"]
[Black "Di Donna, Massimo"]
[Result "1-0"]
[WhiteElo "2405"]
[BlackElo "2230"]

1.c4 c6 2.e4 e5 3.Nf3 d6 4.Nc3 Nf6 5.d4 Nbd7 6.Be2 b6 7.O-O Be7 8.Re1 O-O
9.Bf1 a6 10.h3 Bb7 11.Rb1 Qc7 12.b4 b5 13.a4 bxc4 14.dxe5 dxe5 15.Bxc4 a5
16.bxa5 Ba6 17.Qb3 Rab8 18.Qa2 Rxb1 19.Bxf7+ Kh8 20.Nxb1 Bb4 21.Bd2 Bxd2
22.Nbxd2 Nc5 23.Bc4 Bxc4 24.Qxc4 Qxa5 25.Rc1 Nfd7 26.Nb3 Nxb3 27.Qxb3 c5
28.Qd1 Qa7 29.Qd6 Rf6 30.Qd5 h6 31.a5 Kh7 32.Rc2 Nf8 33.Qxc5  1-0

[Event "Portoroz op"]
[Site "Portoroz"]
[Date "1995.??.??"]
[Round "?"]
[White "Muhtarov, Leonid"]
[Black "Ivacic, Vladimir"]
[Result "1/2-1/2"]
[WhiteElo "2175"]
[BlackElo "2300"]

1.c4 c6 2.Nf3 Nf6 3.d4 g6 4.d5 cxd5 5.cxd5 Qa5+ 6.Nc3 Bg7 7.Qd2 O-O 8.Rb1 d6
9.e4 Bd7 10.b4 Qb6 11.h3 Rc8 12.Rb3 Na6 13.Bxa6 Qxa6 14.b5 Qa5 15.O-O Rc4
16.Qd3 Rac8 17.Bb2 Nh5 18.e5 dxe5 19.Qe3 Qc7 20.Re1 Nf4 21.Nxe5 Bxe5 22.Qxe5 Nd3
23.Qxc7 R4xc7 24.Rxe7 Nxb2 25.Rxb2 Bxh3 26.Rxc7 Rxc7 27.gxh3 Rxc3 28.Re2 Kf8
29.d6 Rc1+ 30.Kg2 Rd1 31.Re7 Rxd6 32.Rxb7 Rb6 33.Rxa7 Rxb5 34.a4 Rb3 35.a5 Ra3
36.a6 g5 37.Ra8+ Kg7 38.Kh2 h5 39.Kg2 Kg6 40.Kh2 h4 41.Ra7 f6 42.Ra8 f5 43.Kg2 Kg7
44.Ra7+ Kf6 45.Ra8 Ke5 46.Ra7 Kf4 47.Ra8 Ra2 48.a7 Ra1 49.Kh2 Ra2 50.Kg2 Ra1  1/2-1/2

[Event "Portoroz op"]
[Site "Portoroz"]
[Date "1995.??.??"]
[Round "?"]
[White "Osterman, Rudolf"]
[Black "Ivacic, Vladimir"]
[Result "1/2-1/2"]
[WhiteElo "2390"]
[BlackElo "2300"]

1.c4 c6 2.Nf3 Nf6 3.b3 d5 4.Bb2 g6 5.g3 Bg7 6.Bg2 Qb6 7.Bd4 c5 8.Bc3 d4 9.Bb2 Nc6
10.O-O O-O 11.d3 e5 12.Nbd2 Re8 13.a3 a5 14.Rb1 Qc7 15.Bc1 b6 16.Ne1 Bb7
17.Nc2 Rab8 18.f3 Nh5 19.b4 axb4 20.axb4 cxb4 21.Nxb4 Nxb4 22.Rxb4 Bc6 23.Rb1 b5
24.cxb5 Rxb5 25.Rxb5 Bxb5 26.Ne4 Nf6 27.f4 Nxe4 28.Bxe4 Bc6 29.f5 Bxe4 30.dxe4 Qc6
31.fxg6 hxg6 32.Qd3 Qe6 33.Bd2 Rb8  1/2-1/2

[Event "CZE Tschechien-ch"]
[Site "Prague"]
[Date "1995.??.??"]
[Round "?"]
[White "Pribyl, Josef"]
[Black "Koukolik, Alexander"]
[Result "1/2-1/2"]
[WhiteElo "2405"]
[BlackElo "2155"]

1.c4 c6 2.Nf3 d5 3.b3 Nf6 4.Bb2 e6 5.g3 Be7 6.Bg2 O-O 7.O-O Nbd7 8.Qc2 c5
9.cxd5 Nxd5 10.Nc3 N7f6 11.Rfd1 Qc7 12.Rac1 Nb4 13.Qb1 Nc6 14.d4 Rd8 15.dxc5 Bxc5
16.Ng5 h6 17.Nd5 Rxd5 18.Bxd5 exd5 19.Rxc5 hxg5 20.Qc1 Qe7 21.b4 Bh3 22.Qc3 Qe4  1/2-1/2

[Event "CZE Tschechien-ch"]
[Site "Prague"]
[Date "1995.??.??"]
[Round "?"]
[White "Taborsky, Rostislav"]
[Black "Vavra, Pavel"]
[Result "1-0"]
[WhiteElo "2105"]
[BlackElo "2355"]

1.c4 c6 2.e4 d5 3.exd5 cxd5 4.d4 Nf6 5.Nc3 Nc6 6.Nf3 Bg4 7.cxd5 Nxd5 8.Qb3 Bxf3
9.gxf3 e6 10.Qxb7 Nxd4 11.Bb5+ Nxb5 12.Qc6+ Ke7 13.Qxb5 Qd7 14.Nxd5+ Qxd5
15.Bg5+ f6 16.Qxd5 exd5 17.Be3 Ke6 18.Ke2 Bd6 19.f4 Rhb8 20.b3 a5 21.Rhd1 a4
22.f5+ Kxf5 23.Rxd5+ Be5 24.Rg1 g5 25.h4 g4 26.Rb1 axb3 27.axb3 Rb4 28.Rd7 h5
29.Rh7 Ke4 30.Rxh5 Ra2+ 31.Kf1 f5 32.Bc5 Bd4 33.Re1+ Kd3 34.Bxd4 Kxd4 35.Rxf5 Rxb3
36.Rf4+ Kd5 37.Rxg4 Rf3 38.Re2 Rxe2 39.Kxe2 Rh3 40.f3 Ke5 41.Kf2 Rh1 42.Kg2 Ra1
43.h5 Ra6 44.Kg3 Kf5 45.Rh4 Rh6 46.f4 Rh8 47.h6 Kg6 48.Kg4 Kh7 49.Kg5 Rg8+
50.Kf6 Re8 51.f5 Rf8+ 52.Kg5 Rg8+ 53.Kf4 Rb8 54.Rh5 Rb4+ 55.Kg5 Rb8 56.Rh4 Rg8+
57.Kh5 Rf8 58.Rf4 Rf6 59.Kg5 Rxh6  1-0

[Event "ISL-ch"]
[Site "Reykjavik"]
[Date "1995.??.??"]
[Round "10"]
[White "Karason, Askell O"]
[Black "Fridjonsson, Julius"]
[Result "1/2-1/2"]
[WhiteElo "2235"]
[BlackElo "2210"]

1.c4 c6 2.Nc3 d5 3.d4 Nf6 4.e3 g6 5.Nf3 Bg7 6.Be2 O-O 7.O-O a6 8.a4 a5 9.Qb3 Na6
10.cxd5 cxd5 11.Bd2 Nb4 12.Ne5 Nd7 13.Nd3 Nxd3 14.Bxd3 e6 15.Rfc1 Nb8 16.Bb5 Nc6
17.Bxc6 bxc6 18.Na2 Bd7 19.Qc3 e5 20.b4 exd4 21.exd4 Qb6 22.Be3 Rfc8 23.bxa5 Rxa5
24.Nb4 Qa7 25.Nd3 c5 26.Bd2 Rxa4 27.Rxa4 Bxa4  1/2-1/2

[Event "Tal mem"]
[Site "Riga"]
[Date "1995.??.??"]
[Round "3"]
[White "Vaganian, Rafael A"]
[Black "Ehlvest, Jaan"]
[Result "1/2-1/2"]
[WhiteElo "2640"]
[BlackElo "2615"]

1.c4 c6 2.e4 d5 3.exd5 Nf6 4.Nc3 cxd5 5.d4 Nc6 6.Bg5 dxc4 7.d5 Ne5 8.Qd4 h6
9.Bf4 Ng6 10.Bxc4 Nxf4 11.Qxf4 a6 12.Nf3 g6 13.O-O Bg7 14.d6 e6 15.Rad1 O-O
16.Ne5 Bd7 17.Qe3 Rc8 18.Bb3 Qa5 19.f4 Rfd8 20.Kh1 Qc5 21.Qd3 Be8 22.Nxg6 fxg6
23.f5 Rc6 24.Bxe6+ Kh8 25.d7 Bxd7 26.Ne4 Nxe4 27.Qxe4 gxf5 28.Qh4 Bxe6 29.Qxd8+ Kh7
30.b3 Rc8 31.Qd6 Rc6 32.Qf4 Qc2 33.Rd2 Qe4 34.Qf2 Rc3 35.Re1 Qc6 36.Qf4 Rc1
37.Re2 Rxe1+ 38.Rxe1 Qd5 39.h3 Bd7 40.Kh2 Bc6 41.Re2 Qd7 42.g4 fxg4 43.hxg4 Kg8
44.Qc4+ Kh8 45.Qe6 Qc7+ 46.Kh3 Bd7 47.Qe3 h5 48.Kh4 hxg4 49.Qg5 Qc6 50.Rh2 Qf6
51.Rd2 Be6 52.Re2 Qf7 53.Qe3 Bd7 54.Kg3 Kg8 55.Qe4 Bf5 56.Qf4 Be6 57.Qe4 Bf5
58.Qf4 Be6 59.Qe4 Qc7+ 60.Kg2 Bd7 61.Qd5+ Kh7 62.Qh5+ Kg8  1/2-1/2

[Event "RUS Army-ch"]
[Site "RUS"]
[Date "1995.??.??"]
[Round "?"]
[White "Legky, Nikolay A"]
[Black "Mukhametov, Eldar"]
[Result "1/2-1/2"]
[WhiteElo "2505"]
[BlackElo "2515"]

1.c4 c6 2.d4 d5 3.Nf3 Nf6 4.Nc3 dxc4 5.a4 Bg4 6.Ne5 Bh5 7.f3 Nfd7 8.g4 Nxe5
9.dxe5 Qxd1+ 10.Nxd1 Bg6 11.Ne3 e6 12.Nxc4 Nd7 13.e4 f6 14.exf6 gxf6 15.Be3 Bb4+
16.Kf2 Ke7 17.Be2 Rhd8 18.e5 Bc5 19.exf6+ Kxf6 20.Rhd1 Bxe3+  1/2-1/2

[Event "Sala op"]
[Site "Sala"]
[Date "1995.??.??"]
[Round "1"]
[White "Banas, Jan"]
[Black "Cvicela, Anton"]
[Result "1-0"]
[WhiteElo "2410"]
[BlackElo "2040"]

1.c4 c6 2.e4 d5 3.exd5 cxd5 4.d4 Nf6 5.Nc3 e6 6.Nf3 Nbd7 7.a3 dxc4 8.Bxc4 Nb6
9.Ba2 Be7 10.O-O O-O 11.Bg5 Nbd5 12.Qd3 h6 13.Bd2 b6 14.Ne5 Bb7 15.Rfe1 Kh8
16.Bb1 Rc8 17.Ng4 h5 18.Nxf6 Nxf6 19.Bf4 g6 20.Be5 Kg8 21.Qd2 Ng4 22.Bf4 Rc4
23.Rd1 Bf6 24.Ne2 Bxd4 25.Nxd4 e5 26.Nf3 Qc7 27.Bg3  1-0

[Event "Sala op"]
[Site "Sala"]
[Date "1995.??.??"]
[Round "7"]
[White "Brestak, Jan"]
[Black "Cvicela, Anton"]
[Result "0-1"]
[WhiteElo "2225"]
[BlackElo "2040"]

1.c4 c6 2.Nf3 d5 3.d4 Nf6 4.Qb3 dxc4 5.Qxc4 Bf5 6.Nc3 Nbd7 7.Qb3 Qb6 8.Nh4 Qxb3
9.axb3 Bc2 10.b4 e5 11.dxe5 Nxe5 12.b5 Be7 13.Nf3 Nxf3+ 14.gxf3 O-O 15.e4 cxb5
16.Nxb5 Bc5 17.Be3 Nd7 18.Nd4 Bxd4 19.Bxd4 Bb3 20.Rg1 f6 21.Ra3 Be6 22.f4 Rfe8
23.Bxa7 b6 24.Bb5 Re7 25.Ke2 Nf8 26.Rga1 Rc7 27.f5 Bf7 28.b4 Bc4+ 29.Bxc4+ Rxc4
30.Ke3 Rxb4 31.Rd1 Rc4 32.Raa1 Rc6 33.h4 Kf7 34.Ra6 Rc7 35.Rda1 b5 36.Bd4 Rxa6
37.Rxa6 Nd7 38.Ra8 b4 39.h5 b3 40.Ra3 Rb7 41.Ra1 Ke7 42.Rg1 Kf7 43.Kd2 Ne5
44.Bxe5 fxe5 45.Kc3 b2 46.Kc2 Kf6 47.Kb1 Rb3 48.Rg3 Rxg3 49.fxg3 Kg5  0-1

[Event "Salta Clarin op"]
[Site "Salta"]
[Date "1995.??.??"]
[Round "2"]
[White "Sorokin, Maxim"]
[Black "Gomez Baillo, Jorge H"]
[Result "1-0"]
[WhiteElo "2550"]
[BlackElo "2420"]

1.c4 c6 2.Nf3 Nf6 3.Nc3 d5 4.e3 Bg4 5.Qb3 Qb6 6.Qxb6 axb6 7.cxd5 Bxf3 8.gxf3 cxd5
9.b3 Nc6 10.Bb2 e6 11.Rg1 Nd7 12.f4 Nb4 13.Kd1 f5 14.Bb5 Nc6 15.Ke2 Kf7 16.a3 Be7
17.Na4 Bf6 18.Bxf6 Kxf6 19.b4 Ra7 20.Nb2 Rha8 21.a4 Rc8 22.Rac1 Raa8 23.Rc3 Rc7
24.Rgc1 Ndb8 25.d4 Ke7 26.Bd3 Rd7 27.b5 Na7 28.a5 bxa5 29.Na4 Rd6 30.Rc7+ Nd7
31.Rxb7 Nc8 32.Rcc7 Kd8 33.Kd2 g6 34.h4 h5 35.Kc2 Ncb6 36.Nxb6 Nxb6 37.Rg7 Rc8+
38.Kb3 Rd7 39.Rbxd7+ Nxd7 40.Rg8+ Kc7 41.Rxg6 Nf8 42.Rh6 Kb6 43.Rh8 Ra8 44.Be2 a4+
45.Ka3 Ka5 46.Bxh5 Rc8 47.Bd1 Rc3+ 48.Kb2 Rc8 49.b6 Kxb6 50.Bxa4 Kc7 51.h5 Rd8
52.Rg8  1-0

[Event "Santa Cruz de la Palma op"]
[Site "Santa Cruz"]
[Date "1995.??.??"]
[Round "?"]
[White "Davies, Nigel R"]
[Black "Nedobora, Mikhail"]
[Result "1/2-1/2"]
[WhiteElo "2530"]
[BlackElo "2480"]

1.c4 c6 2.Nf3 d5 3.e3 Nf6 4.Nc3 e6 5.b3 Bd6 6.Bb2 O-O 7.Be2 e5 8.Rc1 a6 9.d4 e4
10.Ne5 Nbd7 11.Nxd7 Bxd7 12.Na4 Ne8 13.h4 g6 14.Qd2 Nf6 15.Bc3 Bg4 16.Ba5 Qe7
17.Bxg4 Nxg4 18.cxd5 cxd5 19.Nb6 Rab8 20.Nxd5 Qe6 21.Nb6 Nf6 22.d5 Qg4 23.Kf1 Rfe8  1/2-1/2

[Event "Santa Cruz de la Palma op"]
[Site "Santa Cruz"]
[Date "1995.??.??"]
[Round "?"]
[White "Damljanovic, Branko"]
[Black "Anic, Darko"]
[Result "1-0"]
[WhiteElo "2575"]
[BlackElo "2410"]

1.c4 c6 2.Nf3 f5 3.g3 Nf6 4.Bg2 g6 5.b3 Bg7 6.Bb2 d6 7.d4 O-O 8.O-O e5 9.dxe5 Ng4
10.Nbd2 Na6 11.Qc2 Nxe5 12.Rad1 Qe7 13.a3 Be6 14.Nd4 Bd7 15.Rfe1 Rad8 16.f4 Ng4
17.e4 Qf7 18.exf5 gxf5 19.h3 Nh6 20.b4 Qg6 21.Kh2 Nf7 22.N2f3 c5 23.bxc5 Nxc5
24.Nh4 Qf6 25.Rb1 Rde8 26.Ndxf5  1-0

[Event "Santa Cruz de la Palma op"]
[Site "Santa Cruz"]
[Date "1995.??.??"]
[Round "?"]
[White "Garcia Palermo, Carlos"]
[Black "Sarmiento, Braulio Alfonso"]
[Result "0-1"]
[WhiteElo "2490"]
[BlackElo "2255"]

1.c4 c6 2.Nf3 d5 3.e3 e6 4.b3 Nd7 5.Bb2 Ngf6 6.Qc2 Bd6 7.g4 O-O 8.g5 Ne4
9.h4 e5 10.d3 Qa5+ 11.Ke2 Nec5 12.Nbd2 Re8 13.Bg2 d4 14.a3 dxe3 15.fxe3 e4
16.dxe4 Qc7 17.b4 Ne6 18.Qc3 c5 19.Bh3 Ne5 20.Kf2 Nf8 21.bxc5 Qxc5 22.Nd4 Bxh3
23.Rxh3 Nfd7 24.Nf5 Bf8 25.Rg3 Nb6 26.a4 Rad8 27.a5 Rxd2+ 28.Qxd2 Nbxc4 29.Qc2 Nxb2
30.Qxc5 Nbd3+ 31.Ke2 Nxc5 32.Rb1  0-1

[Event "Santa Cruz de la Palma op"]
[Site "Santa Cruz"]
[Date "1995.??.??"]
[Round "?"]
[White "Davies, Nigel R"]
[Black "Gonzalez, L."]
[Result "1/2-1/2"]
[WhiteElo "2530"]
[BlackElo "2210"]

1.c4 c6 2.Nc3 d5 3.d4 Nf6 4.Nf3 dxc4 5.a4 Bg4 6.Ne5 Bh5 7.f3 Nfd7 8.Nxc4 e5
9.g3 Bb4 10.dxe5 O-O 11.Bh3 Qe7 12.f4 Rd8 13.Qc2 Na6 14.O-O Bc5+ 15.Kh1 Nb4
16.Qe4 f6 17.Qf5 Bf7 18.exf6 Nxf6 19.Ne5 Bb3 20.Ra3 Bc2 21.Qe6+ Qxe6 22.Bxe6+ Kf8
23.g4 Nbd5 24.g5 Bxa3 25.gxf6 gxf6 26.Nxd5 cxd5 27.Nd3 Bxd3 28.exd3 Bb4 29.f5 Ke7
30.Rg1 Kd6 31.Bf4+ Kc5 32.Be3+ Kd6 33.Rg7 Kc6 34.Bd4 Rf8 35.Rxh7 Rh8 36.Rxh8 Rxh8
37.Bxf6 Rh3 38.Kg2 Rxd3 39.h4 Bf8 40.Bg5 Rb3 41.Bc1 Rb4 42.h5 Rh4 43.Bf7 Bg7
44.Kf3 d4 45.Bg5 Rh3+ 46.Kg2 Re3 47.h6 Bh8 48.Bc4 Re5 49.Bd3 Kd7 50.Kf3 Re3+
51.Bxe3 dxe3 52.b4 Kd6 53.Kxe3 Ke5 54.Kf3 Kf6 55.Kg4 Ke7 56.Kg5 Bc3 57.Be4 b6
58.a5  1/2-1/2

[Event "Schmiden op"]
[Site "Schmiden"]
[Date "1995.??.??"]
[Round "7"]
[White "Reschke, Thomas"]
[Black "Kiss, Pal"]
[Result "1/2-1/2"]
[WhiteElo "2250"]
[BlackElo "2455"]

1.c4 c6 2.Nf3 Nf6 3.b3 d5 4.Bb2 Bg4 5.d3 e6 6.Nbd2 Nbd7 7.g3 Bd6 8.d4 O-O
9.Ne5 Bh5 10.Bg2 Qb8 11.f4 a5 12.O-O Bxe5 13.fxe5 Ng4 14.e4 Ndxe5 15.Ba3 Rd8
16.dxe5 dxc4 17.Qe2 c3 18.Nc4 b5 19.h3 Nxe5 20.Qxh5 bxc4 21.bxc4 Rd3 22.Bc1  1/2-1/2